| 000 | 00764nam a22002057a 4500 | ||
|---|---|---|---|
| 999 |
_c3596 _d3596 |
||
| 003 | AR-CdUCM | ||
| 008 | 190306b ||||| |||| 00| 0 spa d | ||
| 040 |
_aMUNICIPALIDAD PROVINCIAL DEL CUSCO _cBIBLIOTECA MUNICIPAL DEL CUSCO |
||
| 082 |
_a891.4 _bE78 |
||
| 100 |
_aEsenin, Serguei _911765 |
||
| 245 |
_aAntología poética : _bselección y versiones de Rene Palacios More / _cSerguei Esenin |
||
| 260 |
_aBuenos Aires : _bEdiciones del medio día ; _c1970. |
||
| 300 |
_a75 paginas ; _c20 cm. |
||
| 505 | _aContenido : La inonia -- El tambor celeste -- El granuja -- De retorno en mi tierra ... | ||
| 650 |
_aPoesía latinoamericana _92147 |
||
| 650 |
_aPoesía argentina _91657 |
||
| 700 |
_aMore Palacios, Rene _911766 |
||
| 942 |
_2ddc _cLIBROS |
||
| 945 | _arah | ||